000 00253nam a22000977a 4500
008 240610b |||||||| |||| 00| 0 eng d
100 _aTharwani, Arjan
_915227
245 _aGulzar Aug1968 to Dec 1968
260 _aBombay:
_bGulzar Pub;
_c1968.
942 _cBK
999 _c39482
_d39482